000
00268nam a22001217a 4500
008
181024b xxu||||| |||| 00| 0 eng d
041
_a
eng
080
_a
616-053.2
100
_a
8
101
_a
PED
245
_a
Textbook of Pediatrics
_c
Nelson,W,E
942
_2
udc
_c
BK
999
_c
50851
_d
50851